000 02284nam a2200193Ia 4500
005 20241022123601.0
008 241022s9999 xx 000 0 und d
040 _cLDD
100 _aSoysal, Yasemin Nuhoglu
245 0 _aMeritocracy or reputation? The role of rankings in the sorting of international students across universities
260 _aUnited Kingdom
_bTaylor & Francis
_c2024
300 _b252-263
490 _aGlobalisation,Societies and Eduacation
_v22(2)
500 _aUniversity rankings have gained prominence in tandem with the global race towards excellence and as part of the growing expectation of rational, scientific evaluation of performance across a range of institutional sectors and human activity. While their omnipresence is acknowledged, empirically we know less about whether and how rankings matter in higher education outcomes. Do university rankings, predicated on universalistic standards and shared metrics of quality, function meritocratically to level the impact of long-established reputations? We address this question by analysing the extent to which changes in the position of UK universities in ranking tables, beyond existing reputations, impact on their strategic goal of international student recruitment. We draw upon an ad hoc dataset merging aggregate (university) level indicators of ranking performance and reputation with indicators of other institutional characteristics and international student numbers. Our findings show that recruitment of international students is primarily determined by university reputation, socially mediated and sedimented over the long term, rather than universities’ yearly updated ranking positions. We conclude that while there is insufficient evidence that improving rankings changes universities’ international recruitment outcomes, they are nevertheless consequential for universities and students as strategic actors investing in rankings as purpose and identity
650 _aUniversity rankingsreputational prestigequantification and metrics
700 _aBaltaru, Roxana D.Cebolla-Boado, Hector
856 _yclick here to online access
_uFull article: Meritocracy or reputation? The role of rankings in the sorting of international students across universities
942 _cARTICLES
999 _c174829
_d174829